Normal view
MARC view
- Osorio Guzmán, Blanca Judith Asela
Entry Nombre Personal
001 - NUMERO DE CONTROL
- campo de control: 49176
003 - IDENTIFICADOR DE NUMERO DE CONTROL
- campo de control: MX-MxUPN
005 - FECHA Y HORA DE LA ÜLTIMA TRANSACCIÓN
- campo de control: 20230607111347.0
008 - DATOS DE LONGITUD FIJA
- campo de control de longitud fija: 230607|| aca||aabn | a|a d
040 ## - FUENTE DE CATALOGACIÓN
- Agencia original de catalogación: MX-MxUPN
- Lenguaje de catalogación: spa
- Agencia de transcripción: MX-MxUPN
100 1# - ENCABEZAMIENTO - NOMBRE PERSONAL
- Nombre personal: Osorio Guzmán, Blanca Judith Asela
670 ## - FUENTE EN LA QUE SE LOCALIZARON DATOS
- Cita de la fuente: Aprovechamiento de los recursos audiovisuales en las escuelas primarias del Distrito Federal, 1979:
- Información localizada: portada (Blanca Judith Asela Osorio Guzmán)
902 ## - CATALOGADOR
- Catalogador: Víctor Ruiz/070623
